| 000 | 00600nam a2200217Ia 4500 | ||
|---|---|---|---|
| 008 | 160517s9999 xx 000 0 und d | ||
| 050 | _aHD 28 | ||
| 050 | _b.M114 2016 | ||
| 100 | _aMacalinga, Robin Paul P. | ||
| 245 | _aInventory system with POS for raszoul trading / | ||
| 245 | _cRobin Paul P. Macalinga. | ||
| 260 | _aLas PiƱas, Philippines : | ||
| 260 | _bSISC, | ||
| 260 | _c2016. | ||
| 300 | _a49 pages : | ||
| 300 | _billustrations ; | ||
| 300 | _c28 cm. | ||
| 500 | _aIncludes bibliographical references and appendices. | ||
| 521 | _aInformation Technology | ||
| 942 | _cTH | ||
| 999 |
_c293952 _d293952 |
||